Library Banner

Visitors of the Quaid-I-Azam (Record no. 76705)

MARC details
000 -LEADER
fixed length control field 00384nam a22001457a 4500
005 - DATE AND TIME OF LATEST TRANSACTION
control field 20150923113524.0
008 - FIXED-LENGTH DATA ELEMENTS--GENERAL INFORMATION
fixed length control field 150923b xxu||||| |||| 00| 0 eng d
040 ## - CATALOGING SOURCE
Transcribing agency PK-LaUMT
082 ## - DEWEY DECIMAL CLASSIFICATION NUMBER
Classification number KHC 954.0359092
Item number AHM-V
100 ## - MAIN ENTRY--PERSONAL NAME
Personal name Ahmed Saeed
245 ## - TITLE STATEMENT
Title Visitors of the Quaid-I-Azam
Remainder of title 1942-1947
Statement of responsibility, etc Ahmed Saeed
260 ## - PUBLICATION, DISTRIBUTION, ETC. (IMPRINT)
Place of publication, distribution, etc Lahore
Name of publisher, distributor, etc Bazme-e-Ibal
Date of publication, distribution, etc [N.D]
300 ## - PHYSICAL DESCRIPTION
Extent 143 p.
942 ## - ADDED ENTRY ELEMENTS (KOHA)
Koha item type Books
Holdings
Withdrawn status Lost status Damaged status Home library Current library Date acquired Full call number Barcode Date last seen Price effective from Koha item type
      UMT Main Campus UMT Main Campus 2015-09-23 KHC 954.0359092 AHM-V 68330 2015-09-23 2015-09-23 Books